A text book of electrical technology V.2 : AC and DC machines in SI system of units (including rationalised M.K.S.A system), for the examination of BE, B.Tech, B.Sc(Eng.), Sec A and B of AMIE(I), AMIEE (London), IERE (London), Grade IETE, diploma (Record no. 197117)
[ view plain ]
| 000 -LEADER | |
|---|---|
| fixed length control field | 00931nam a2200217Ia 4500 |
| 003 - CONTROL NUMBER IDENTIFIER | |
| control field | OSt |
| 005 - DATE AND TIME OF LATEST TRANSACTION | |
| control field | 20250125103711.0 |
| 008 - FIXED-LENGTH DATA ELEMENTS--GENERAL INFORMATION | |
| fixed length control field | 231217s9999 xx 000 0 und d |
| 020 ## - INTERNATIONAL STANDARD BOOK NUMBER | |
| International Standard Book Number | 9788121924375 |
| 040 ## - CATALOGING SOURCE | |
| Transcribing agency | 0 |
| 041 ## - LANGUAGE CODE | |
| Language code of text/sound track or separate title | English |
| 082 ## - DEWEY DECIMAL CLASSIFICATION NUMBER | |
| Classification number | 621.31 THE.2;10 |
| 100 ## - MAIN ENTRY--PERSONAL NAME | |
| Personal name | Theraja, B L. Theraja, A K. Tarnekar, S G. |
| 245 #2 - TITLE STATEMENT | |
| Title | A text book of electrical technology V.2 : AC and DC machines in SI system of units (including rationalised M.K.S.A system), for the examination of BE, B.Tech, B.Sc(Eng.), Sec A and B of AMIE(I), AMIEE (London), IERE (London), Grade IETE, diploma |
| 250 ## - EDITION STATEMENT | |
| Edition statement | 1st ed. |
| 260 ## - PUBLICATION, DISTRIBUTION, ETC. | |
| Date of publication, distribution, etc. | 2013 |
| Name of publisher, distributor, etc. | S.Chand |
| Place of publication, distribution, etc. | New Delhi |
| 300 ## - PHYSICAL DESCRIPTION | |
| Extent | xiv, 1568+IV |
| 500 ## - GENERAL NOTE | |
| General note | Content page available |
| 650 ## - SUBJECT ADDED ENTRY--TOPICAL TERM | |
| Topical term or geographic name entry element | electrical,V.2,AC,DC,machines,SI,(including,rationalised,M.K.S.A,system),,examination,BE,,B.Tech,,B.Sc(Eng.),,Sec,B,AMIE(I),,AMIEE,(London),,IERE,(London),,Grade,IETE,,diploma |
| 942 ## - ADDED ENTRY ELEMENTS (KOHA) | |
| Koha item type | Books |
| Source of classification or shelving scheme | Dewey Decimal Classification |
| Date last seen | Total checkouts | Full call number | Accession number | Uniform resource identifier | Cost, total (INR) price | Price effective from | Category | Public note | Lost status | Damaged status | Department | Withdrawn status | Home library | Current library | Shelving location | Entry date | Vendor | Cost, normal purchase price | Grants | Billnumber | Currency symbol | Conversion rate | Discount | Old discount | Date due | Date last checked out |
|---|---|---|---|---|---|---|---|---|---|---|---|---|---|---|---|---|---|---|---|---|---|---|---|---|---|---|
| 26/01/2024 | 621.31 THE.2;10 | 90345 | digital/contents/45761.pdf | 516.00 | 26/01/2024 | Books | SC-ST 2098 | Central Library | Central Library | Central Library | Central Library | 08/02/2016 | Sapna Book House | 645.00 | SC-ST | SBH/CRB/099587 | RS | 1 | 129 | 20 | ||||||
| 02/04/2024 | 1 | 621.31 THE.2;11 | 90346 | digital/contents/45761.pdf | 516.00 | 26/01/2024 | Books | SC-ST 2099 | Central Library | Central Library | Central Library | Central Library | 08/02/2016 | Sapna Book House | 645.00 | SC-ST | SBH/CRB/099587 | RS | 1 | 129 | 20 | 16/06/2017 | 02/04/2024 | |||
| 26/01/2024 | 621.31 THE.2;12 | 90347 | digital/contents/45761.pdf | 516.00 | 26/01/2024 | Books | SC-ST 2100 | Central Library | Central Library | Central Library | Central Library | 08/02/2016 | Sapna Book House | 645.00 | SC-ST | SBH/CRB/099587 | RS | 1 | 129 | 20 |
